[Event "IECC CL2-2003.33 email"]
[Site "IECC email"]
[Date "2003.11.28"]
[Round "?"]
[White "Jobe, Tom B"]
[Black "Cehajic, Mustafa"]
[Result "0-1"]
[WhiteElo "1979"]
[BlackElo "2113"]
[PlyCount "48"]
[EventDate "2003.??.??"]
[EventType "tourn (corr)"]
[EventRounds "4"]
[SourceTitle "Corr 2008"]
[Source "ChessBase"]
[SourceDate "2008.06.24"]
[SourceVersion "1"]
[SourceVersionDate "2008.06.24"]
[SourceQuality "1"]

1. e4 e5 2. Nf3 Nc6 3. Bb5 Nf6 4. 0-0 Bc5 5. c3 0-0 6. d4 Bb6 7. Re1 d6 8. h3 exd4 9. cxd4 d5 10. e5 Ne4 11. Nc3 Bf5 12. Be3 Ne7 13. Nh4 c6 14. Nxf5 Nxf5 15. Bf1 Nxe3 16. fxe3 Nxc3 17. bxc3 f6 18. exf6 Qxf6 19. Qc2 Rae8 20. Bd3 Bc7 21. g4 Qh6 22. Kg2 Rxe3 23. Bxh7+ Kh8 24. Bf5 Qxh3+ 0-1

[Event "IECC CL2-2003.33 email"]
[Site "IECC email"]
[Date "2003.11.28"]
[Round "?"]
[White "Milde, Lars"]
[Black "Jobe, Tom B"]
[Result "1-0"]
[WhiteElo "1929"]
[BlackElo "1995"]
[PlyCount "53"]
[EventDate "2003.??.??"]
[EventType "tourn (corr)"]
[EventRounds "4"]
[SourceTitle "Corr 2008"]
[Source "ChessBase"]
[SourceDate "2008.06.24"]
[SourceVersion "1"]
[SourceVersionDate "2008.06.24"]
[SourceQuality "1"]

1. e4 c5 2. Nf3 d6 3. d4 cxd4 4. Nxd4 Nf6 5. Nc3 g6 6. Be3 Bg7 7. f3 0-0 8. Qd2 Nc6 9. Bc4 Bd7 10. 0-0-0 Qa5 11. Bb3 Rfc8 12. Kb1 Ne5 13. h4 Nc4 14. Bxc4 Rxc4 15. Nb3 Qc7 16. g4 Be6 17. h5 a5 18. Nd4 Rc8 19. hxg6 hxg6 20. Ncb5 Qd7 21. Bh6 Bh8 22. Qh2 R4c5 23. Nxe6 Rxc2 24. Rd2 Qxb5 25. Rxc2 Rxc2 26. Qxc2 fxe6 27. e5 1-0

[Event "IECC TH-M-2238"]
[Site "IECC email"]
[Date "2003.09.15"]
[Round "?"]
[White "Converset, Juan Jose"]
[Black "Jobe, Tom B"]
[Result "1-0"]
[WhiteElo "2025"]
[BlackElo "1827"]
[PlyCount "43"]
[EventDate "2003.??.??"]
[EventType "match (corr)"]
[EventRounds "2"]
[SourceTitle "Corr 2008"]
[Source "ChessBase"]
[SourceDate "2008.06.24"]
[SourceVersion "1"]
[SourceVersionDate "2008.06.24"]
[SourceQuality "1"]

1. d4 Nf6 2. c4 g6 3. g3 Bg7 4. Bg2 0-0 5. Nc3 d6 6. e4 c6 7. Nge2 e5 8. d5 Ne8 9. Be3 f5 10. Qd2 Na6 11. exf5 Bxf5 12. dxc6 bxc6 13. Bxc6 Nb4 14. Be4 Rc8 15. b3 Nf6 16. Bxf5 gxf5 17. 0-0 a6 18. Rad1 Ne8 19. Na4 Nc6 20. Nb6 Rc7 21. f4 Rb7 22. Qd5+ 1-0

[Event "IECC TH-M email"]
[Site "IECC email"]
[Date "2003.06.24"]
[Round "?"]
[White "Jobe, Tom B"]
[Black "Sakic, Radislav"]
[Result "0-1"]
[WhiteElo "1959"]
[BlackElo "2260"]
[PlyCount "96"]
[EventDate "2003.??.??"]
[EventType "match (corr)"]
[EventRounds "2"]
[SourceTitle "Corr 2008"]
[Source "ChessBase"]
[SourceDate "2008.06.24"]
[SourceVersion "1"]
[SourceVersionDate "2008.06.24"]
[SourceQuality "1"]

1. d4 Nf6 2. c4 g6 3. Nc3 Bg7 4. e4 d6 5. Nf3 0-0 6. Be2 e5 7. 0-0 Nbd7 8. Re1 c6 9. Bf1 exd4 10. Nxd4 Re8 11. Bf4 Nc5 12. Qc2 Ng4 13. Rad1 Qf6 14. Bg3 h5 15. Nf3 Ne5 16. Bxe5 dxe5 17. b4 Ne6 18. Ne2 h4 19. Rd3 h3 20. g3 a5 21. a3 axb4 22. axb4 Nc7 23. Red1 b6 24. Qc3 Qe7 25. Rd6 Nd5 26. cxd5 Qxd6 27. Qxc6 Qxc6 28. dxc6 Ra3 29. Ng5 f6 30. Nxh3 g5 31. Kg2 Ba6 32. Nc1 Bxf1+ 33. Kxf1 b5 34. Nd3 Rc8 35. f4 gxf4 36. gxf4 Rxc6 37. fxe5 fxe5 38. Nhf2 Rc4 39. Ke2 Bf6 40. Kf3 Rxb4 41. Kg4 Rbb3 42. Kf5 Bg7 43. Nxe5 Rf3+ 44. Nxf3 Rxf3+ 45. Kg4 Rxf2 46. Rb1 Rb2 47. Rh1 b4 48. Kf4 b3 0-1

[Event "IECC TH-M email"]
[Site "IECC email"]
[Date "2003.05.05"]
[Round "?"]
[White "Jobe, Tom B"]
[Black "Marcotulli, Giancarlo"]
[Result "1-0"]
[WhiteElo "1951"]
[BlackElo "2129"]
[PlyCount "21"]
[EventDate "2003.??.??"]
[EventType "match (corr)"]
[EventRounds "2"]
[SourceTitle "Corr 2008"]
[Source "ChessBase"]
[SourceDate "2008.06.24"]
[SourceVersion "1"]
[SourceVersionDate "2008.06.24"]
[SourceQuality "1"]

1. e4 e5 2. Nf3 Nc6 3. Bc4 Bc5 4. b4 Bxb4 5. c3 Ba5 6. 0-0 Nf6 7. d4 exd4 8. e5 Ne4 9. cxd4 d5 10. Bb5 0-0 11. Qa4 1-0

[Event "IECC CL2-2003.05 email"]
[Site "IECC email"]
[Date "2003.01.29"]
[Round "?"]
[White "Belov, Dmitry"]
[Black "Jobe, Tom B"]
[Result "1/2-1/2"]
[WhiteElo "2143"]
[BlackElo "1917"]
[PlyCount "53"]
[EventDate "2003.??.??"]
[EventType "tourn (corr)"]
[EventRounds "4"]
[SourceTitle "Corr 2008"]
[Source "ChessBase"]
[SourceDate "2008.06.24"]
[SourceVersion "1"]
[SourceVersionDate "2008.06.24"]
[SourceQuality "1"]

1. e4 c5 2. Nf3 d6 3. d4 cxd4 4. Nxd4 Nf6 5. Nc3 g6 6. Be3 Bg7 7. Be2 Nc6 8. 0-0 0-0 9. Nb3 Be6 10. f4 Qc8 11. Kh1 Rd8 12. Bf3 Bc4 13. Rf2 e5 14. Rd2 exf4 15. Bxf4 Ne5 16. Bxe5 dxe5 17. Be2 Be6 18. Rxd8+ Qxd8 19. Nc5 Qb6 20. Nxe6 Qxe6 21. Qd3 Qb6 22. Rd1 Rc8 23. Qb5 Qe3 24. Bf3 Qb6 25. Qxb6 axb6 26. Rd6 Rc6 27. Rd8+ 1/2-1/2

[Event "IECC TH-M email"]
[Site "IECC email"]
[Date "2003.??.??"]
[Round "?"]
[White "Jobe, Tom B"]
[Black "Burlant, Richard"]
[Result "0-1"]
[WhiteElo "1901"]
[BlackElo "2127"]
[PlyCount "52"]
[EventDate "2003.??.??"]
[EventType "match (corr)"]
[EventRounds "2"]
[SourceTitle "Corr 2008"]
[Source "ChessBase"]
[SourceDate "2008.06.24"]
[SourceVersion "1"]
[SourceVersionDate "2008.06.24"]
[SourceQuality "1"]

1. d4 Nf6 2. c4 c5 3. d5 b5 4. cxb5 a6 5. bxa6 g6 6. g3 Bg7 7. Bg2 d6 8. Nf3 Bxa6 9. Nc3 Nbd7 10. h4 0-0 11. h5 Nxh5 12. Rxh5 gxh5 13. Qc2 Nf6 14. Bg5 Rb8 15. 0-0-0 Ng4 16. Rh1 Nxf2 17. Rxh5 f5 18. Bh6 Bxh6+ 19. Rxh6 Ng4 20. Rh4 e5 21. Bh3 Rb4 22. Bxg4 Rxg4 23. Rh3 Qe7 24. e3 Qg7 25. Qh2 f4 26. gxf4 exf4 0-1

[Event "IECC TH-M email"]
[Site "IECC email"]
[Date "2003.??.??"]
[Round "?"]
[White "Jobe, Tom B"]
[Black "Morin, Stephane"]
[Result "0-1"]
[WhiteElo "1916"]
[BlackElo "2266"]
[PlyCount "74"]
[EventDate "2003.??.??"]
[EventType "match (corr)"]
[EventRounds "2"]
[SourceTitle "Corr 2008"]
[Source "ChessBase"]
[SourceDate "2008.06.24"]
[SourceVersion "1"]
[SourceVersionDate "2008.06.24"]
[SourceQuality "1"]

1. e4 e5 2. Nf3 Nc6 3. c3 f5 4. d4 exd4 5. Nxd4 Nxd4 6. Qxd4 Qe7 7. Bd3 fxe4 8. Qxe4 Nf6 9. Qxe7+ Bxe7 10. Bf4 c6 11. Nd2 d5 12. 0-0-0 0-0 13. f3 Nh5 14. Be3 Nf4 15. Bf1 Bd6 16. g3 Ne6 17. Bg2 b5 18. Nb3 a5 19. f4 a4 20. Nd4 Nxd4 21. Bxd4 Re8 22. Bf3 Bf5 23. Rhe1 Kf7 24. Kd2 g6 25. Rxe8 Rxe8 26. Re1 Rxe1 27. Kxe1 a3 28. bxa3 Bxa3 29. Bd1 Ke6 30. Bg7 Bb1 31. Bb3 Kf5 32. Ke2 Kg4 33. Kf2 Kh3 34. Kg1 Bd3 35. Be5 b4 36. Bd6 Bc1 37. Kf2 bxc3 0-1

[Event "IECC TH-M email"]
[Site "IECC email"]
[Date "2002.11.02"]
[Round "?"]
[White "Morin, Stephane"]
[Black "Jobe, Tom B"]
[Result "1-0"]
[WhiteElo "2306"]
[BlackElo "1928"]
[PlyCount "47"]
[EventDate "2002.??.??"]
[EventType "match (corr)"]
[EventRounds "2"]
[SourceTitle "Corr 2008"]
[Source "ChessBase"]
[SourceDate "2008.06.24"]
[SourceVersion "1"]
[SourceVersionDate "2008.06.24"]
[SourceQuality "1"]

1. e4 e5 2. Nf3 Nc6 3. c3 f5 4. d4 fxe4 5. Nxe5 Qf6 6. Ng4 Qg6 7. Be2 h5 8. Ne3 Nf6 9. 0-0 b6 10. f3 exf3 11. Bd3 Qf7 12. Qxf3 Bb7 13. Nd2 0-0-0 14. Ne4 Be7 15. Nf5 Nxe4 16. Bxe4 Kb8 17. Bd5 Qf8 18. Bf4 Bf6 19. Rae1 Re8 20. Rxe8+ Qxe8 21. Bxc7+ Ka8 22. Nd6 Qe7 23. b4 Rf8 24. Kh1 1-0

[Event "IECC TH-M email"]
[Site "IECC email"]
[Date "2002.11.02"]
[Round "?"]
[White "Nagley, Tim"]
[Black "Jobe, Tom B"]
[Result "1-0"]
[WhiteElo "2108"]
[BlackElo "1921"]
[PlyCount "81"]
[EventDate "2002.??.??"]
[EventType "match (corr)"]
[EventRounds "2"]
[SourceTitle "Corr 2008"]
[Source "ChessBase"]
[SourceDate "2008.06.24"]
[SourceVersion "1"]
[SourceVersionDate "2008.06.24"]
[SourceQuality "1"]

1. Nf3 d5 2. g3 c5 3. Bg2 Nc6 4. 0-0 e6 5. d3 g6 6. Nbd2 Bg7 7. e4 Nge7 8. Re1 0-0 9. e5 Qc7 10. Qe2 b6 11. Nf1 Bb7 12. Bd2 d4 13. h3 Nd5 14. N1h2 h6 15. Ng4 Kh7 16. a3 b5 17. c4 bxc4 18. dxc4 Nde7 19. Qd3 Ng8 20. Bf4 a5 21. Rab1 a4 22. b4 axb3 23. Rxb3 Na5 24. Rb2 Ba6 25. Nd2 Rab8 26. Reb1 Rxb2 27. Rxb2 Rb8 28. Rxb8 Qxb8 29. Qc2 Qe8 30. Ne4 h5 31. Nh2 Bf8 32. Bf1 Qc6 33. Nf3 Qb6 34. Nd6 Kg7 35. Ne8+ Kh8 36. Ng5 Qa7 37. Qa4 Qb6 38. Nxf7+ Kh7 39. Bd3 Ne7 40. Nf6+ Kg7 41. Bh6+ 1-0

[Event "IECC TH-M email"]
[Site "IECC email"]
[Date "2002.11.01"]
[Round "?"]
[White "Marcotulli, Giancarlo"]
[Black "Jobe, Tom B"]
[Result "1-0"]
[WhiteElo "2279"]
[BlackElo "1919"]
[PlyCount "55"]
[EventDate "2002.??.??"]
[EventType "match (corr)"]
[EventRounds "2"]
[SourceTitle "Corr 2008"]
[Source "ChessBase"]
[SourceDate "2008.06.24"]
[SourceVersion "1"]
[SourceVersionDate "2008.06.24"]
[SourceQuality "1"]

1. e4 c5 2. d4 cxd4 3. c3 dxc3 4. Nxc3 Nc6 5. Nf3 d6 6. Bc4 e6 7. 0-0 Nf6 8. Qe2 a6 9. Rd1 Qc7 10. Bf4 Nd7 11. Rac1 Qb8 12. Bg3 Be7 13. Nd4 Nxd4 14. Rxd4 b5 15. Bb3 Bb7 16. Qd1 Ne5 17. a4 Bc6 18. f4 Nd7 19. Nxb5 Bxb5 20. axb5 axb5 21. f5 exf5 22. Rxd6 Bxd6 23. Bxd6 Qa7+ 24. Kh1 fxe4 25. Qc2 Nf6 26. Qc6+ Kd8 27. Rd1 Nd7 28. Bc5 1-0

[Event "IECC KO email"]
[Site "IECC email"]
[Date "2002.09.20"]
[Round "?"]
[White "Jobe, Tom B"]
[Black "Lagas, Peter"]
[Result "1/2-1/2"]
[WhiteElo "1872"]
[BlackElo "1765"]
[PlyCount "101"]
[EventDate "2002.??.??"]
[EventType "tourn (corr)"]
[EventRounds "6"]
[SourceTitle "Corr 2008"]
[Source "ChessBase"]
[SourceDate "2008.06.24"]
[SourceVersion "1"]
[SourceVersionDate "2008.06.24"]
[SourceQuality "1"]

1. e4 c5 2. Nf3 d6 3. d4 cxd4 4. Nxd4 Nf6 5. Nc3 a6 6. Bg5 e6 7. f4 Qb6 8. Qd2 Qxb2 9. Rb1 Qa3 10. f5 Nc6 11. fxe6 fxe6 12. Nxc6 bxc6 13. Be2 Be7 14. 0-0 0-0 15. Rb3 Qc5+ 16. Be3 Qe5 17. Bf4 Qc5+ 18. Kh1 Ng4 19. h3 e5 20. Na4 Qa7 21. Bc4+ Kh8 22. hxg4 exf4 23. Nb6 Rb8 24. Rxf4 Bd7 25. Nxd7 Qxd7 26. Rf5 Rxb3 27. cxb3 d5 28. Bxa6 Bd6 29. Bd3 Rxf5 30. exf5 Qe7 31. g3 Bxg3 32. Kg2 Bd6 33. Qe2 Qxe2+ 34. Bxe2 Kg8 35. Ba6 Kf7 36. Bb7 Kf6 37. Bxc6 Ke5 38. Kf3 Ba3 39. Ke3 g6 40. Bd7 gxf5 41. Bxf5 h6 42. Bg6 Kf6 43. Be8 Ke5 44. Kd3 Kd6 45. Kc3 Kc5 46. Bf7 d4+ 47. Kd3 Bb4 48. a4 Bc3 49. Ke4 Bd2 50. Bc4 Bc3 51. Kd3 1/2-1/2

[Event "IECC CL3-2002.31"]
[Site "IECC email"]
[Date "2002.09.17"]
[Round "?"]
[White "Sawamura, Tetsushi"]
[Black "Jobe, Tom B"]
[Result "1-0"]
[WhiteElo "1832"]
[BlackElo "1919"]
[PlyCount "55"]
[EventDate "2002.??.??"]
[EventType "tourn (corr)"]
[EventRounds "4"]
[SourceTitle "Corr 2008"]
[Source "ChessBase"]
[SourceDate "2008.06.24"]
[SourceVersion "1"]
[SourceVersionDate "2008.06.24"]
[SourceQuality "1"]

1. b4 e5 2. Bb2 d6 3. e3 Nf6 4. c4 g6 5. Nf3 Bg7 6. Be2 e4 7. Nd4 c5 8. bxc5 dxc5 9. Nb3 b6 10. 0-0 0-0 11. d4 Nbd7 12. Nc3 Bb7 13. dxc5 Nxc5 14. Nxc5 bxc5 15. Rb1 Ne8 16. Na4 Bc6 17. Nxc5 Qe7 18. Ba3 Nf6 19. Qb3 Rfd8 20. Rfd1 Qc7 21. Bb2 Qa5 22. Bd4 Qc7 23. Qc3 Qe7 24. Qa5 Rab8 25. Nb3 Rd7 26. Bc5 Qe8 27. Nd4 Qc8 28. Rxb8 1-0

[Event "IECC TH"]
[Site "IECC email"]
[Date "2002.03.19"]
[Round "?"]
[White "Marcotulli, Giancarlo"]
[Black "Jobe, Tom B"]
[Result "1/2-1/2"]
[WhiteElo "2255"]
[BlackElo "1960"]
[PlyCount "97"]
[EventDate "2002.??.??"]
[EventType "match (corr)"]
[EventRounds "2"]
[SourceTitle "Corr 2008"]
[Source "ChessBase"]
[SourceDate "2008.06.24"]
[SourceVersion "1"]
[SourceVersionDate "2008.06.24"]
[SourceQuality "1"]

1. e4 e5 2. f4 exf4 3. Nf3 g5 4. Bc4 g4 5. 0-0 gxf3 6. Qxf3 Qe7 7. d4 Nc6 8. Qxf4 Bh6 9. Qxf7+ Qxf7 10. Bxf7+ Kd8 11. Bxh6 Nxh6 12. c3 Rf8 13. Bc4 Rxf1+ 14. Kxf1 d6 15. Nd2 Bg4 16. h3 Bh5 17. g4 Bg6 18. Kg2 Ke7 19. Rf1 Rf8 20. Rxf8 Kxf8 21. Kf3 Bf7 22. g5 Bxc4 23. Nxc4 Nf7 24. h4 Kg7 25. Ne3 Ne7 26. Nf5+ Nxf5 27. exf5 d5 28. Kf4 c6 29. b3 a6 30. c4 dxc4 31. bxc4 Nd6 32. c5 Nc4 33. Ke4 Nd2+ 34. Ke3 Nf1+ 35. Kf4 Nd2 36. h5 a5 37. f6+ Kf7 38. Kf5 Nf3 39. g6+ hxg6+ 40. hxg6+ Kf8 41. Ke6 Nxd4+ 42. Kd7 a4 43. a3 Nf3 44. Kc7 Ne5 45. g7+ Kf7 46. Kxb7 Nd7 47. Kxc6 Nxf6 48. Kb5 Nd5 49. Kxa4 1/2-1/2

[Event "IECC TH"]
[Site "IECC email"]
[Date "2002.03.19"]
[Round "?"]
[White "Nagley, Tim"]
[Black "Jobe, Tom B"]
[Result "1-0"]
[WhiteElo "2218"]
[BlackElo "1911"]
[PlyCount "96"]
[EventDate "2002.??.??"]
[EventType "match (corr)"]
[EventRounds "2"]
[SourceTitle "Corr 2008"]
[Source "ChessBase"]
[SourceDate "2008.06.24"]
[SourceVersion "1"]
[SourceVersionDate "2008.06.24"]
[SourceQuality "1"]

1. e4 e5 2. f4 exf4 3. Nf3 g5 4. Bc4 g4 5. 0-0 gxf3 6. Qxf3 Qf6 7. d3 Bh6 8. Nc3 Ne7 9. Bxf4 Bxf4 10. Qxf4 Qxf4 11. Rxf4 f5 12. exf5 c6 13. Re1 Kd8 14. Bf7 d5 15. f6 Ng6 16. Bxg6 hxg6 17. Ne2 Nd7 18. Nd4 Nf8 19. Re7 Bd7 20. Nf3 Kc7 21. Ng5 Re8 22. g3 Kc8 23. Nf7 Ne6 24. Nxh8 Rxh8 25. Rg4 Nf8 26. Ra4 a6 27. h4 Ne6 28. Rg4 Nf8 29. Rf4 Ne6 30. Rf2 Kd8 31. Kg2 Re8 32. Rh7 Nf8 33. Rg7 Re3 34. g4 Bxg4 35. Rxb7 Bc8 36. Rf7 Ke8 37. Rg7 Bh3+ 38. Kg1 Bd7 39. a3 c5 40. Rf4 a5 41. Kf2 Rh3 42. Re7+ Kd8 43. Kg2 g5 44. hxg5 Rh5 45. Rg7 Ne6 46. Rg8+ Kc7 47. Rf5 Kd6 48. Kg3 Nd4 1-0

[Event "IECC TH-M email"]
[Site "IECC email"]
[Date "2002.03.13"]
[Round "?"]
[White "Corbat, Philippe"]
[Black "Jobe, Tom B"]
[Result "1-0"]
[WhiteElo "2041"]
[BlackElo "1920"]
[PlyCount "45"]
[EventDate "2002.??.??"]
[EventType "match (corr)"]
[EventRounds "2"]
[SourceTitle "Corr 2008"]
[Source "ChessBase"]
[SourceDate "2008.06.24"]
[SourceVersion "1"]
[SourceVersionDate "2008.06.24"]
[SourceQuality "1"]

1. e4 d5 2. exd5 Nf6 3. d4 Bg4 4. f3 Bf5 5. Bb5+ Nbd7 6. c4 a6 7. Ba4 e6 8. dxe6 Bxe6 9. d5 Bf5 10. Nc3 Qe7+ 11. Nge2 0-0-0 12. Bf4 Nc5 13. Bc2 Bxc2 14. Qxc2 g6 15. 0-0 Nh5 16. d6 cxd6 17. Nd5 Qh4 18. Qc3 Bg7 19. Qa5 Ne6 20. g3 Qh3 21. c5 Be5 22. cxd6 Bxd6 23. Qc3+ 1-0

[Event "IECC TH-M email"]
[Site "IECC email"]
[Date "2002.01.31"]
[Round "?"]
[White "Jobe, Tom B"]
[Black "Ceteras, Marius"]
[Result "1/2-1/2"]
[WhiteElo "1821"]
[BlackElo "2367"]
[PlyCount "53"]
[EventDate "2002.??.??"]
[EventType "match (corr)"]
[EventRounds "2"]
[SourceTitle "Corr 2008"]
[Source "ChessBase"]
[SourceDate "2008.06.24"]
[SourceVersion "1"]
[SourceVersionDate "2008.06.24"]
[SourceQuality "1"]

1. e4 c5 2. Nf3 d6 3. d4 cxd4 4. Nxd4 Nf6 5. Nc3 g6 6. Be3 Bg7 7. f3 Nc6 8. Qd2 0-0 9. g4 e5 10. Nb3 a5 11. Bb5 Be6 12. 0-0-0 Bxb3 13. axb3 Nd4 14. Bxd4 exd4 15. Qxd4 Nxg4 16. Qxd6 Qg5+ 17. Qd2 Bh6 18. Qxg5 Bxg5+ 19. Kb1 Nf2 20. Rd5 Nxh1 21. Rxg5 Nf2 22. Nd5 h6 23. Rg3 Rfd8 24. h4 Kf8 25. Rg2 Nh3 26. Rg3 Nf2 27. Rg2 1/2-1/2

[Event "IECC TH-T email"]
[Site "IECC email"]
[Date "2001.12.13"]
[Round "?"]
[White "Nagley, Tim"]
[Black "Jobe, Tom B"]
[Result "1-0"]
[WhiteElo "2244"]
[BlackElo "1827"]
[PlyCount "73"]
[EventDate "2001.??.??"]
[EventType "match (corr)"]
[EventRounds "2"]
[SourceTitle "Corr 2008"]
[Source "ChessBase"]
[SourceDate "2008.06.24"]
[SourceVersion "1"]
[SourceVersionDate "2008.06.24"]
[SourceQuality "1"]

1. c4 c5 2. Nf3 Nf6 3. Nc3 g6 4. e4 d6 5. d4 cxd4 6. Nxd4 Nc6 7. Be2 Bg7 8. Be3 0-0 9. 0-0 Bd7 10. Qd2 Nxd4 11. Bxd4 Bc6 12. Qd3 a5 13. f4 Nd7 14. Bxg7 Kxg7 15. Qd4+ f6 16. Rad1 Qb6 17. Qxb6 Nxb6 18. Nd5 Bxd5 19. exd5 Rfc8 20. b3 a4 21. Rd3 axb3 22. axb3 Ra3 23. Re1 Kf7 24. g4 Nd7 25. Rh3 Rh8 26. Rd1 Nc5 27. Rb1 Ra2 28. b4 Ne4 29. Re1 f5 30. Bd3 Nf2 31. Rhe3 Re8 32. Bb1 Rd2 33. gxf5 gxf5 34. Bxf5 Rg8+ 35. Kf1 Nd1 36. Be6+ Kf8 37. R3e2 1-0

[Event "IECC TH-T email"]
[Site "IECC email"]
[Date "2001.10.05"]
[Round "?"]
[White "Jobe, Tom B"]
[Black "Ralchev, Stoyan"]
[Result "1/2-1/2"]
[WhiteElo "1889"]
[BlackElo "1856"]
[PlyCount "43"]
[EventDate "2001.??.??"]
[EventType "match (corr)"]
[EventRounds "2"]
[SourceTitle "Corr 2008"]
[Source "ChessBase"]
[SourceDate "2008.06.24"]
[SourceVersion "1"]
[SourceVersionDate "2008.06.24"]
[SourceQuality "1"]

1. e4 e6 2. d4 d5 3. exd5 exd5 4. Bd3 Nf6 5. h3 Be7 6. Nf3 0-0 7. Nc3 b6 8. Bf4 Ba6 9. 0-0 Bxd3 10. Qxd3 c6 11. Ne5 Nfd7 12. Rfe1 Nxe5 13. Bxe5 Nd7 14. Bg3 Nf6 15. Re2 Qd7 16. Rae1 Rfe8 17. a3 Bf8 18. Be5 Re6 19. Bxf6 Rxf6 20. Nd1 Bd6 21. Ne3 Re6 22. Nf5 1/2-1/2

[Event "IECC TH-T email"]
[Site "IECC email"]
[Date "2001.10.05"]
[Round "?"]
[White "Ralchev, Stoyan"]
[Black "Jobe, Tom B"]
[Result "1-0"]
[WhiteElo "1740"]
[BlackElo "1935"]
[PlyCount "103"]
[EventDate "2001.??.??"]
[EventType "match (corr)"]
[EventRounds "2"]
[SourceTitle "Corr 2008"]
[Source "ChessBase"]
[SourceDate "2008.06.24"]
[SourceVersion "1"]
[SourceVersionDate "2008.06.24"]
[SourceQuality "1"]

1. e4 c6 2. d4 d5 3. e5 Bf5 4. Nc3 Qb6 5. g4 Bd7 6. Na4 Qc7 7. Nc5 e6 8. Nd3 c5 9. dxc5 Bb5 10. f4 Bxc5 11. Nxc5 Qxc5 12. Bxb5+ Qxb5 13. Nf3 Nc6 14. Qe2 Qxe2+ 15. Kxe2 h5 16. Rg1 hxg4 17. Rxg4 g6 18. Be3 b6 19. c3 Nh6 20. Rh4 Ke7 21. Bf2 Nf5 22. Rg4 Rac8 23. Rd1 Na5 24. Bh4+ Nxh4 25. Rxh4 Rxh4 26. Nxh4 b5 27. Nf3 Nb7 28. h4 Nc5 29. Ke3 Ne4 30. Ng5 Ng3 31. Nf3 Nf5+ 32. Kd3 Rc4 33. Nd4 Nxh4 34. b3 Rc5 35. b4 Rc4 36. Nxb5 Rxf4 37. Nxa7 Rf3+ 38. Kc2 Rf2+ 39. Kb3 Nf3 40. Nc6+ Kd7 41. b5 Nd2+ 42. Kb4 Ne4 43. a4 Rb2+ 44. Ka3 Ra2+ 45. Kb3 Rxa4 46. Kxa4 Nxc3+ 47. Ka5 Nxd1 48. b6 Kxc6 49. Ka6 Ne3 50. b7 Kc5 51. b8Q Nc4 52. Qa7+ 1-0

[Event "IECC KO email"]
[Site "IECC email"]
[Date "2001.08.05"]
[Round "?"]
[White "Carr, James T"]
[Black "Jobe, Tom B"]
[Result "0-1"]
[WhiteElo "1625"]
[BlackElo "1768"]
[PlyCount "32"]
[EventDate "2001.??.??"]
[EventType "tourn (corr)"]
[EventRounds "6"]
[SourceTitle "Corr 2008"]
[Source "ChessBase"]
[SourceDate "2008.06.24"]
[SourceVersion "1"]
[SourceVersionDate "2008.06.24"]
[SourceQuality "1"]

1. d4 Nf6 2. Nf3 g6 3. c4 Bg7 4. Nc3 d6 5. e4 0-0 6. Be2 e5 7. 0-0 exd4 8. Nxd4 Re8 9. f3 Nc6 10. Be3 Nh5 11. Nxc6 bxc6 12. Qd2 f5 13. Bd4 Nf6 14. exf5 Bxf5 15. Rfe1 c5 16. Bf2 Qd7 0-1